000 00624nam a2200181Ia 4500
008 090630s9999 xx 000 0 und d
082 _b13930
100 _aडंके विनायक.
245 _aबिंदू एके बिंदू.
_cडंके विनायक.
260 _bशांती - पुणे.
_c1995
300 _a248
600 _aडंके विनायक.
630 _aबिंदू एके बिंदू.
655 _aकादंबरी.
700 _aडंके विनायक.
730 _aबिंदू एके बिंदू.
942 _cBOOK
999 _c265786
_d265786